Características de generadores, transformadores y líneas de transmisión del sistema nacional interconectdado
Gardado en:
| Autor Principal: | |
|---|---|
| Outros autores: | , |
| Formato: | Libro |
| Idioma: | Spanish |
| Publicado: |
San José , Costa Rica
1974
|
| Materias: | |
| Etiquetas: |
Engadir etiqueta
Sen Etiquetas, Sexa o primeiro en etiquetar este rexistro!
|
MARC
| LEADER | 00000nam a2200000Ia 4500 | ||
|---|---|---|---|
| 003 | 001902 | ||
| 005 | 20221231144408.0 | ||
| 008 | 140114s1974 cr a m 000 ||spa d | ||
| 040 | |c cru CEDI | ||
| 082 | |a 621.314 B435c | ||
| 100 | |a Beltran C, Alvaro |9 20929 | ||
| 245 | |a Características de generadores, transformadores y líneas de transmisión del sistema nacional interconectdado | ||
| 260 | |c 1974 |a San José , Costa Rica | ||
| 300 | |a 36 páginas algunas plegables: ilustraciones ; diagrama | ||
| 500 | |a Instituto Costarricense de Electricidad. Dirección de Electrificación. Oficina de Programas de Transmisión y Distribución | ||
| 650 | |x INSTITUTO COSTARRICENSE DE ELECTRICIDAD |x CONTROL DE SISTEMAS DE ENERGIA ELECTRICA |x ELECTRICIDAD |x MEDICIONES |9 14789 | ||
| 700 | |9 20930 |a Vargas D, Roberto E | ||
| 700 | |9 20931 |a Castro L, Enrique | ||
| 942 | |c TFG |2 ddc | ||
| 999 | |c 21239 |d 21239 | ||
